Na trh sa derú tretinky

Slovenský pivný trh je ovplyvnený kombináciou faktorov. Mení sa vkus spotrebiteľov, prebieha neustály vývoj produktového portfólia a netreba zabúdať ani na vonkajšie vplyvy, ako je zavedenie zálohovania. Rastúci záujem o prémiové ležiaky a ochutené pivá, zmeny v nákupnom správaní a dôraz na zážitok...

Ausführliche Beschreibung

Gespeichert in:
Bibliographische Detailangaben
1. Verfasser: Kapitán, Peter
Format: Buchkapitel
Sprache:Slowakisch
Schlagworte:
Tags: Tag hinzufügen
Keine Tags, Fügen Sie das erste Tag hinzu!

MARC

LEADER 00000naa a2200000 4500
001 0311431
005 20250703122958.5
041 0 |a slo 
044 |a CZ 
245 1 0 |a Na trh sa derú tretinky  |c Peter Kapitán 
520 |a Slovenský pivný trh je ovplyvnený kombináciou faktorov. Mení sa vkus spotrebiteľov, prebieha neustály vývoj produktového portfólia a netreba zabúdať ani na vonkajšie vplyvy, ako je zavedenie zálohovania. Rastúci záujem o prémiové ležiaky a ochutené pivá, zmeny v nákupnom správaní a dôraz na zážitok pri nákupe predstavujú kľúčové trendy, ktoré budú formovať budúcnosť tejto kategórie. Pivovary, ktoré dokážu pružne reagovať na zmeny a ponúkať kvalitné a inovatívne produkty, majú najlepšie predpoklady na úspech na slovenskom trhu. Očakáva sa, že spotrebitelia budú aj naďalej klásť dôraz na kvalitu, originalitu a zážitok spojený s konzumáciou piva. 
610 2 0 |a pivo 
610 2 0 |a pivovarníctvo 
610 2 0 |a dopyt spotrebiteľský 
610 2 0 |a správanie spotrebiteľa 
610 2 0 |a inovácia výrobkov 
100 1 |a Kapitán, Peter